| 000 | 01356nam a2200277 a 4500 | ||
|---|---|---|---|
| 001 | 000000570 | ||
| 005 | 20200929145351.0 | ||
| 008 | 081112s2007 dr a r 001 0 spa d | ||
| 020 | _a9789945860726 | ||
| 020 | _a9945860720 | ||
| 040 |
_aDO-SdBNP _bspa _cBNPHU |
||
| 082 |
_a635 _bM385v |
||
| 100 | 1 |
_aMartínez, César _91876 |
|
| 245 | 1 | 3 |
_aLos vegetales orientales en la República Dominicana / _cCésar Martínez, Juan Jiménez, Pen-Lo Wu. |
| 260 |
_aSanto Domingo : _bInstituto Dominicano de Investigaciones Agropecuarias y Forestales, _c2007. |
||
| 300 |
_a83 p. : _bil. ; _c23 cm. |
||
| 505 | 0 |
_tContenido, Presentación -- Introducción -- _tOrígenes de la producción de los vegetales orientales -- _tEstructura de la producción y aspectos socioeconómicos -- _tEstablecimiento y situación del manejo de los cultivos -- _tEl mercado de los vegetales orientales -- _tFactores limitante en la producción y comercialización -- _tUsos y atributos de los vegetales orientales -- _tReferencias -- _tAnexos. |
|
| 590 | _aInventariado, 2018/BT | ||
| 650 | 4 |
_aHortalizas _zRepública Dominicana _91877 |
|
| 650 | 4 |
_aHortalizas _xComercialización _91878 |
|
| 650 | 4 |
_aHorticultura _91879 |
|
| 650 | 4 |
_aHortalizas _xEnfermedades y plagas _91880 |
|
| 700 | 1 | 2 |
_aJiménez, Juan _91881 |
| 700 | 1 | 2 |
_aPen-Lo, Wu _91882 |
| 910 | _aValidado. Control de calidad. MFF | ||
| 999 |
_c568 _d568 |
||